Six ideas that shaped physics

SIX IDEAS THAT SHAPED PHYSICS is the 21st century's alternative to traditional, encyclopedic textbooks. Thomas Moore designed SIX IDEAS to teach students: --to apply basic physical principles to realistic situations --to solve realistic problems --to resolve contradictions between their preconc...

पूर्ण विवरण

में बचाया:
ग्रंथसूची विवरण
मुख्य लेखक: Moore, Thomas A.
स्वरूप: पुस्तक
भाषा:Undetermined
प्रकाशित: Boston McGraw-Hill 2003
विषय:
टैग : टैग जोड़ें
कोई टैग नहीं, इस रिकॉर्ड को टैग करने वाले पहले व्यक्ति बनें!
Thư viện lưu trữ: Trung tâm Học liệu Trường Đại học Cần Thơ
LEADER 00904nam a2200205Ia 4500
001 CTU_161880
008 210402s9999 xx 000 0 und d
020 |c 42.79 
082 |a 531 
082 |b M821/U.N 
100 |a Moore, Thomas A. 
245 0 |a Six ideas that shaped physics 
245 0 |c Thomas A. Moore 
260 |a Boston 
260 |b McGraw-Hill 
260 |c 2003 
520 |a SIX IDEAS THAT SHAPED PHYSICS is the 21st century's alternative to traditional, encyclopedic textbooks. Thomas Moore designed SIX IDEAS to teach students: --to apply basic physical principles to realistic situations --to solve realistic problems --to resolve contradictions between their preconceptions and the laws of physics --to organize the ideas of physics into an integrated hierarchy 
650 |a Mechanics,Cơ học 
910 |a Nguyên 
980 |a Trung tâm Học liệu Trường Đại học Cần Thơ